00703nam a2200241 a 4500001001300000003000900013005001700022008004100039020002300080082001300103100002100116245003200137260003100169300001000200500003500210505002200245650002700267700002100294902000800315942000700323952011400330999001700444nice12345678IN_TiNIC20260116014232.0050524s2010 dela grp 000 0 eng  a8188789666 c37500a980bGAL aGaleano, Eduardo aOpen Veins of Latin America aDelhibThree Essays c2010 a317p  aincludes index and biblioraphy2 aReferences, Index aLatin America-Politics1 aGaleano, Eduardo bSRS cBK 001040708StackRoom-aHMIbHMId2013-01-08g375.00l0o980 GALp023974r2013-01-08v375.00w2005-05-24yBK c14452d14452